Anatomía Humana. Descriptiva, topográfica y funcional. (Registro nro. 2147)

Detalles MARC
000 -LEADER
fixed length control field 01353nam a2200349 a 4500
005 - FECHA ULTIMA MODIFICACION
control field 20240528104939.0
008 - CAMPO DE CONTROL (LIBRO)
fixed length control field 101001t1996||||sp a f||||||||||||spa d
020 ## - INTERNATIONAL STANDARD BOOK NUMBER
ISBN 844580507X
041 ## - CODIGO DE IDIOMA
Código de idioma del texto/pista de sonido o título separado spa
092 ## - SIGNATURA TOPOGRAFICA DEWEY LOCAL
número de clasificación 611
libristica 75
sección ROU
100 1# - ENTRADA PRINCIPAL--NOMBRE PERSONAL
Nombre personal Rouviere, Henri
9 (RLIN) 74
245 ## - TITULO PROPIAMENTE DICHO
Título Anatomía Humana. Descriptiva, topográfica y funcional.
Subtítulo y Título paralelo T.1. Cabeza y cuello /
Mención de responsabilidad y remanente de la transcripción de la portada H. Rouviere.
250 ## - MENCION DE EDICION
Mención de edición 9a ed. revisada y aumentada
Mención de responsabilidad relacionada con la ed. Versión en español dirigida por E. Acosta Vidrio
260 ## - PIE DE IMPRENTA
Lugar de publicación, distribución, etc Barcelona:
Nombre de la editorial, distribuidor, etc Masson;
Fecha de publicación 1996.
300 ## - DESCRIPCION FISICA
Extension 616 p.
Otros detalles físicos il.
500 ## - NOTA GENERAL
Nota general Rouviere, H. y Delmas, A. (1996). Anatomía Humana. Descriptiva, topográfica y funcional. T.1 Cabeza y cuello. (9a ed.). Barcelona : Masson.
653 ## - TÉRMINO INDIZADO - PALABRAS CLAVES
Palabra clave Anatomia descriptiva de cabeza y cuello
653 ## - TÉRMINO INDIZADO - PALABRAS CLAVES
Palabra clave Esqueleto de la cabeza
653 ## - TÉRMINO INDIZADO - PALABRAS CLAVES
Palabra clave Esqueleto del cuello
653 ## - TÉRMINO INDIZADO - PALABRAS CLAVES
Palabra clave Articulaciones de la cabeza y el cuello
653 ## - TÉRMINO INDIZADO - PALABRAS CLAVES
Palabra clave Musculos de la cabeza y el cuello
653 ## - TÉRMINO INDIZADO - PALABRAS CLAVES
Palabra clave Vasos de la cabeza y el cuello
653 ## - TÉRMINO INDIZADO - PALABRAS CLAVES
Palabra clave Nervios de la cabeza y el cuello
653 ## - TÉRMINO INDIZADO - PALABRAS CLAVES
Palabra clave Organos de los sentidos
653 ## - TÉRMINO INDIZADO - PALABRAS CLAVES
Palabra clave Diversas partes de los aparatos digestivo y repiratorio contenidas en la cabeza y el cuello
653 ## - TÉRMINO INDIZADO - PALABRAS CLAVES
Palabra clave Anatomía topográfica de cabeza y cuello
653 ## - TÉRMINO INDIZADO - PALABRAS CLAVES
Palabra clave Cráneo
653 ## - TÉRMINO INDIZADO - PALABRAS CLAVES
Palabra clave Cara
653 ## - TÉRMINO INDIZADO - PALABRAS CLAVES
Palabra clave Cuello
700 1# - ENTRADAS SECUNDARIAS - NOMBRE PERSONAL
Título del trabajo Delmas, André
9 (RLIN) 75
942 ## - ADDED ENTRY ELEMENTS (KOHA)
Source of classification or shelving scheme Dewey Decimal Classification
Item type Libros
Existencias
Estado de retiro Existencia Fuente de clasificación Estado general No para prestamo Ubicación permanente ubicación actual Sala de ubicación Fecha de adquisición Fuente de adquisición Total Checkouts Número de clasificación Código de barras Date last seen Date last borrowed Número de ejemplar Price effective from Koha tipo de elemento (item) Public note
    Dewey Decimal Classification     Biblioteca Medicina Biblioteca Medicina Circulación 11/03/2015 Donación Florencia Benatti, Marzo 2015 8 611 75 ROU 3464 07/06/2017 05/06/2017 Ej. 7 11/03/2015 Libros Donación Florencia Benatti, Marzo 2015

UNIVERSIDAD NACIONAL DEL COMAHUE
Biblioteca de la Facultad de Ciencias Médicas
Sede Toschi: Los Arrayanes y Av. Toschi, Cipolletti  - Rio Negro
Sede Los Tordos:  Yrigoyen al 2211, Cipolletti - Rio Negro 

Teléfono: 0299 - 4774707 int 25
Contacto: biblioteca@facimed.uncoma.edu.ar
© 2011 - 2026